Départements français grâce aux numéros - Statistiques

Statistiques générales
  • Ce quiz a été pris 844 fois
  • Le résultat moyen est 63 sur 101
Statistiques - réponses
Hint Réponse % Correct
1 Ain
97%
2 Aisne
87%
3 Allier
80%
42 Loire
77%
11 Aude
74%
2A Corse-du-Sud
74%
2B Haute-Corse
74%
6 Alpes-Maritimes
73%
10 Aube
73%
29 Finistère
73%
75 Paris
73%
971 Guadeloupe
72%
9 Ariège
71%
972 Martinique
71%
7 Ardèche
70%
13 Bouches du Rhône
70%
14 Calvados
69%
16 Charente
69%
973 Guyane
69%
45 Loiret
69%
5 Hautes-Alpes
68%
69 Rhône
68%
93 Seine-Saint-Denis
68%
8 Ardennes
67%
12 Aveyron
67%
17 Charente-Maritime
67%
59 Nord
67%
33 Gironde
66%
976 Mayotte
66%
78 Yvelines
66%
67 Bas-Rhin
65%
15 Cantal
65%
68 Haut-Rhin
65%
74 Haute-Savoie
64%
39 Jura
64%
44 Loire Atlantique
64%
51 Marne
64%
73 Savoie
64%
77 Seine-et-Marne
64%
83 Var
64%
4 Alpes de Haute-Provence
63%
18 Cher
63%
34 Hérault
63%
19 Corrèze
62%
21 Côte-d'Or
62%
23 Creuse
62%
30 Gard
62%
38 Isère
62%
974 La Réunion
62%
62 Pas-de-Calais
62%
66 Pyrénées-Orientales
62%
27 Eure
61%
32 Gers
61%
24 Dordogne
60%
25 Doubs
60%
36 Indre
60%
54 Meurthe-et-Moselle
60%
91 Essonne
59%
31 Haute-Garonne
59%
41 Loir-et-Cher
59%
56 Morbihan
59%
60 Oise
59%
64 Pyrénées-Atlantiques
59%
26 Drôme
58%
37 Indre-et-Loire
58%
46 Lot
58%
57 Moselle
58%
22 Côtes d'Armor
57%
28 Eure-et-Loir
57%
40 Landes
57%
81 Tarn
57%
94 Val-de-Marne
57%
95 Val-d'Oise
57%
84 Vaucluse
57%
43 Haute-Loire
56%
47 Lot-et-Garonne
56%
85 Vendée
56%
50 Manche
55%
53 Mayenne
55%
55 Meuse
55%
65 Hautes-Pyrénées
54%
35 Ille-et-Vilaine
54%
72 Sarthe
54%
76 Seine-Maritime
54%
80 Somme
54%
90 Territoire-de-Belfort
54%
52 Haute-Marne
53%
48 Lozère
53%
49 Maine-et-Loire
53%
63 Puy-de-Dôme
53%
71 Saône-et-Loire
53%
82 Tarn-et-Garonne
53%
86 Vienne
53%
89 Yonne
52%
92 Hauts-de-Seine
51%
58 Nièvre
51%
88 Vosges
51%
87 Haute-Vienne
50%
61 Orne
50%
79 Deux-Sèvres
49%
70 Haute-Saône
49%
Aucun quiz correspondant
Distribution des résultats
% des personnes avec chaque résultat
Percentile par nombre de réponses
Votre historique - résultats
Vous n’avez pas pris ce quiz